Подробности
| 000 -МАРКЕР |
| контрольное поле |
01314nam0a2200313 4500 |
| 001 - ИДЕНТИФИКАТОР ЗАПИСИ |
| контрольное поле |
RU\NLR\bibl\1766095 |
| 005 - ИДЕНТИФИКАТОР ВЕРСИИ |
| контрольное поле |
20260406153754.0 |
| 010 ## - МЕЖДУНАРОДНЫЙ СТАНДАРТНЫЙ НОМЕР КНИГИ (ISBN) |
| Номер (ISBN) |
978-5-17-054929-0 |
| Уточнения |
АСТ |
| 010 ## - МЕЖДУНАРОДНЫЙ СТАНДАРТНЫЙ НОМЕР КНИГИ (ISBN) |
| Номер (ISBN) |
978-5-271-33973-8 |
| Уточнения |
Астрель |
| 010 ## - МЕЖДУНАРОДНЫЙ СТАНДАРТНЫЙ НОМЕР КНИГИ (ISBN) |
| Номер (ISBN) |
978-5-226-03630-9 |
| Уточнения |
ВКТ |
| Тираж |
4000 |
| 021 ## - НОМЕР ГОСУДАРСТВЕННОЙ РЕГИСТРАЦИИ |
| Код страны |
Российская Федерация |
| Номер |
2011-27689 |
| Номер Листа государственной регистраци |
1965 |
| 035 ## - ДРУГИЕ СИСТЕМНЫЕ НОМЕРА |
| Идентификатор записи |
(NLR Aleph) 001756892 |
| 100 ## - ДАННЫЕ ОБЩЕЙ ОБРАБОТКИ |
| Данные общей обработки |
20110504d2011 |||y0rusy50 ca |
| 101 1# - ЯЗЫК РЕСУРСА |
| Язык текста, звукозаписи и т.д. |
русский |
| Язык оригинала |
английский |
| 102 ## - СТРАНА ПУБЛИКАЦИИ ИЛИ ПРОИЗВОДСТВА |
| Страна публикации |
Российская Федерация |
| 105 ## - ПОЛЕ КОДИРОВАННЫХ ДАННЫХ: ТЕКСТОВЫЕ МАТЕРИАЛЫ, МОНОГРАФИЧЕСКИЕ |
| Кодированные данные о монографическом текстовом документе |
a ||||||||| |
| 200 1# - ЗАГЛАВИЕ И СВЕДЕНИЯ ОБ ОТВЕТСТВЕННОСТИ |
| Основное заглавие |
Дети Хурина. Нарн и Хин Хурин |
| Сведения, относящиеся к заглавию |
повесть о детях Хурина |
| Первые сведения об ответственности |
Дж.Р.Р. Толкин |
| Последующие сведения об ответственности |
под ред. Кристофера Толкина |
| -- |
ил. Аллана Ли |
| -- |
[пер. с англ. С. Лихачевой] |
| 210 ## - ПУБЛИКАЦИЯ, РАСПРОСТРАНЕНИЕ И ДР. |
| Место издания, распространения и т.д. |
Москва |
| Имя издателя, распространителя и т. д. |
АСТ |
| -- |
Астрель |
| Место издания, распространения и т.д. |
Владимир |
| Имя издателя, распространителя и т. д. |
ВКТ |
| Дата издания, распространения и т.д. |
2011 |
| 215 ## - ФИЗИЧЕСКАЯ ХАРАКТЕРИСТИКА |
| Специфическое обозначение материала и объем |
313, [4] c. |
| Другие сведения о физической характеристике |
ил. |
| Размеры |
21 |
| 517 0# - ДРУГИЕ ВАРИАНТЫ ЗАГЛАВИЯ |
| Вариант заглавия |
Нарн и Хин Хурин |
| 686 ## - ИНДЕКСЫ ДРУГИХ КЛАССИФИКАЦИЙ |
| Индекс |
Ш6(4Вл)67-445{Лх1299-62} |
| 700 #1 - ИМЯ ЛИЦА - ПЕРВИЧНАЯ ОТВЕТСТВЕННОСТЬ |
| Код отношения |
Автор |
| Материалы, к которым относится поле |
rus |
| Графика поля |
Кириллица |
| Начальный элемент ввода |
Толкин |
| Часть имени, кроме начального элемента ввода |
Д. Р. Р. |
| Даты |
1892-1973 |
| Расширение инициалов личного имени |
Джон Роналд Руэл |
| Идентификатор авторитетной/нормативной записи |
RU\NLR\auth\776532 |
| Системный номер авторитетной/нормативной записи |
116484 |
| 702 #1 - ИМЯ ЛИЦА - ВТОРИЧНАЯ ОТВЕТСТВЕННОСТЬ |
| Код отношения |
Иллюстратор |
| Материалы, к которым относится поле |
rus |
| Графика поля |
Кириллица |
| Начальный элемент ввода |
Ли |
| Часть имени, кроме начального элемента ввода |
А. |
| Дополнения к именам, кроме дат |
художник |
| Даты |
1947- |
| Расширение инициалов личного имени |
Алан |
| Идентификатор авторитетной/нормативной записи |
RU\NLR\auth\7783533 |
| Системный номер авторитетной/нормативной записи |
66461 |
| 801 #0 - ИСТОЧНИК ЗАПИСИ |
| Страна |
Российская Федерация |
| Организация |
NLR |
| Дата составления |
20110504 |
| Правила каталогизации |
RCR |
| 801 #1 - ИСТОЧНИК ЗАПИСИ |
| Страна |
Российская Федерация |
| Организация |
NLR |
| Дата составления |
20110504 |
| 942 ## - ДОПОЛНИТЕЛЬНЫЕ ЭЛЕМЕНТЫ ЗАПИСИ (АБИС) |
| Тип экземпляра АБИС |
Книга |
| 980 ## - КОЛЛЕКЦИЯ |
| Название коллекции |
Национальная библиография |